Electrical power systems (Record no. 175)

MARC details
000 -LEADER
fixed length control field 00840 a2200229 4500
005 - DATE AND TIME OF LATEST TRANSACTION
control field 2008081908518.0
008 - FIXED-LENGTH DATA ELEMENTS--GENERAL INFORMATION
fixed length control field 080819t xxu||||| |||| 00| 0 eng d
010 ## - LIBRARY OF CONGRESS CONTROL NUMBER
LC control number ENG-84727
020 ## - INTERNATIONAL STANDARD BOOK NUMBER
International Standard Book Number 8120327837
Terms of availability 350.00
035 ## - SYSTEM CONTROL NUMBER
System control number EN-68260
037 ## - SOURCE OF ACQUISITION
Source of stock number/acquisition DBAD / PUB
040 ## - CATALOGING SOURCE
Original cataloging agency dpl
Language of cataloging English
082 ## - DEWEY DECIMAL CLASSIFICATION NUMBER
Classification number 621.319
100 ## - MAIN ENTRY--PERSONAL NAME
Personal name Bandyopadhyay, M. N.
245 ## - TITLE STATEMENT
Title Electrical power systems
Remainder of title Theory and practice
Statement of responsibility, etc by M. N. Bandyopadhyay
260 ## - PUBLICATION, DISTRIBUTION, ETC. (IMPRINT)
Place of publication, distribution, etc New Delhi
Name of publisher, distributor, etc Prentice-Hall of India
Date of publication, distribution, etc 2006.
300 ## - PHYSICAL DESCRIPTION
Extent xvi, 580 p.
Other physical details ill.
Dimensions 24 cm.(Pbk)
500 ## - GENERAL NOTE
General note Includes index
650 ## - SUBJECT ADDED ENTRY--TOPICAL TERM
Topical term or geographic name as entry element Electric power systems
General subdivision Theory.
942 ## - ADDED ENTRY ELEMENTS (KOHA)
Institution code [OBSOLETE] dpl
Koha item type English Books
Call number prefix 321.319 / BAN
Source of classification or shelving scheme Dewey Decimal Classification
Classification part 321.319
Call number suffix BAN
Holdings
Withdrawn status Lost status Damaged status Not for loan Home library Current library Date acquired Cost, normal purchase price Total Checkouts Full call number Barcode Date last seen Copy number Uniform Resource Identifier Cost, replacement price Price effective from Koha item type
        D.B.Act.Division D.B.Act.Division 19/08/2008 350.00   321.319 BAN EN-68260 15/09/2008 1 184 350.00 15/09/2008 English Books

© Delhi Public Library
Hit Counter
free hit counter